Hàm lồi suy rộng và ứng dụng trong tối ưu hóa : Luận văn tốt nghiệp cao học ngành: Toán giải tích

Đề tài trình bày hàm lồi và hàm lồi suy rộng, ứng dụng tính lồi trong nghiên cứu điều kiện tối ưu và ổn định nghiệm.

Tallennettuna:
Bibliografiset tiedot
Päätekijä: Trương, Hoàng Luông
Aineistotyyppi: Kirja
Kieli:Undetermined
Julkaistu: Cần Thơ Trường Đại học Cần Thơ 2014
Aiheet:
Tagit: Lisää tagi
Ei tageja, Lisää ensimmäinen tagi!
Thư viện lưu trữ: Trung tâm Học liệu Trường Đại học Cần Thơ
LEADER 00972nam a2200217Ia 4500
001 CTU_192927
008 210402s9999 xx 000 0 und d
082 |a 515.882 
082 |b L518 
088 |a 604601 
100 |a Trương, Hoàng Luông 
245 0 |a Hàm lồi suy rộng và ứng dụng trong tối ưu hóa : 
245 0 |b Luận văn tốt nghiệp cao học ngành: Toán giải tích 
245 0 |c Trương Hoàng Luông ; Lâm Quốc Anh (Cán bộ hướng dẫn) 
260 |a Cần Thơ 
260 |b Trường Đại học Cần Thơ 
260 |c 2014 
520 |a Đề tài trình bày hàm lồi và hàm lồi suy rộng, ứng dụng tính lồi trong nghiên cứu điều kiện tối ưu và ổn định nghiệm. 
650 |a Mathematical analysis,Toán giải tích 
910 |a Hải 
980 |a Trung tâm Học liệu Trường Đại học Cần Thơ